[Event "Welsh Open Chess Championship"]
[Site "Mercure Cardiff North Hotel, Circle Way East, Llanedeyrn, Cardiff CF23 9XF"]
[Date "2024.03.30"]
[Round "3"]
[Board "3"]
[White "Williams, Stephen"]
[Black "Gibbs, Dominic V"]
[Result "0-1"]
[WhiteElo "1701"]
[BlackElo "1938"]
[Annotator "Home"]
[PlyCount "53"]
[EventDate "2024.03.29"]
[EventType "swiss"]
[EventRounds "7"]
[EventCountry "WLS"]

{[%evp 0,53,11,38,85,89,74,38,33,20,39,59,57,22,40,5,36,6,39,39,39,-102,20,15,25,23,43,2,22,-20,-12,-49,-47,-56,-46,-62,-58,-57,-52,-67,-81,-364,-373,-379,-379,-377,-374,-374,-379,-380,-387,-389,-390,-400,-403,-450]} 1. e4 {[%emt 0:00:40]} Nf6 {[%emt 0:00:23]} 2. e5 {[%emt 0:00:18]} Nd5 {[%emt 0:00:07]} 3. d4 {[%emt 0:00:32]} d6 {[%emt 0:00:08]} 4. Nf3 {[%emt 0:00:20]} dxe5 {[%emt 0:00:12]} 5. Nxe5 {[%emt 0:00:10]} c6 {[%emt 0:00:11]} 6. Bc4 {[%emt 0:03:53]} Bf5 {[%emt 0:02:13]} 7. O-O {[%emt 0:01:29]} Nd7 {[%emt 0:02:11]} 8. f4 {[%emt 0:03:03]} Nxe5 {[%emt 0:08:18]} 9. fxe5 {[%emt 0:00:21]} e6 {[%emt 0:00:18]} 10. Qf3 {[%emt 0:00:53]} Qc7 {[%emt 0:06:54]} 11. c3 {[%emt 0:01:37]} Be7 {[%emt 0:03:25]} 12. Nd2 {[%emt 0:01:08]} O-O {[%emt 0:04:46]} 13. Ne4 {[%emt 0:00:53]} Bg6 {[%emt 0:03:24]} 14. Ng3 {[%emt 0:10:00]} Rad8 {[%emt 0:02:48]} 15. Qg4 {[%emt 0:02:55]} c5 {[%emt 0:02:23]} 16. Bxd5 {[%emt 0:04:26]} Rxd5 {[%emt 0:00:50]} 17. Be3 {[%emt 0:01:24]} cxd4 {[%emt 0:03:16]} 18. cxd4 {[%emt 0:01:30]} Qb6 {[%emt 0:03:32]} 19. Qe2 {[%emt 0:02:03]} f5 {[%emt 0:07:57]} 20. Qf2 {[%emt 0:15:06]} f4 {[%emt 0:07:30]} 21. Bxf4 {[%emt 0:01:11]} Rxd4 {[%emt 0:01:00]} 22. Ne2 {[%emt 0:01:02]} Rdxf4 {[%emt 0:02:49]} 23. Qxb6 {[%emt 0:00:28]} Rxf1+ {[%emt 0:00:13]} 24. Rxf1 {[%emt 0:00:13]} Rxf1+ {[%emt 0:00:10]} 25. Kxf1 {[%emt 0:00:07]} axb6 {[%emt 0:00:07]} 26. Nf4 {[%emt 0:00:56]} Bf5 {[%emt 0:01:18]} 27. Kf2 0-1

[Event "Welsh Open Chess Championship"]
[Site "Mercure Cardiff North Hotel, Circle Way East, Llanedeyrn, Cardiff CF23 9XF"]
[Date "2024.03.30"]
[Round "3"]
[Board "4"]
[White "Thomas, Mark"]
[Black "Westcott, Dale"]
[Result "1/2-1/2"]
[WhiteElo "1876"]
[BlackElo "1772"]
[Annotator "Home"]
[PlyCount "72"]
[EventDate "2024.03.29"]
[EventType "swiss"]
[EventRounds "7"]
[EventCountry "WLS"]

{[%evp 0,72,37,33,51,50,50,40,46,49,43,20,25,8,15,-5,-2,-12,6,7,1,-3,0,-10,-24,20,34,-16,-32,-39,-53,-79,-62,-112,-93,-117,-88,-128,-42,-120,-97,-118,9,12,20,25,158,13,35,-1,-3,-6,17,11,10,16,3,-47,32,37,50,19,1,0,0,-22,-28,-28,-24,-129,-131,-131,-60,-55,-62]} 1. e4 {[%emt 0:00:02]} c5 {[%emt 0:00:07]} 2. Nc3 {[%emt 0:00:08]} Nc6 {[%emt 0:00:05]} 3. f4 {[%emt 0:00:08]} g6 {[%emt 0:00:06]} 4. Nf3 {[%emt 0:00:07]} Bg7 {[%emt 0:00:07]} 5. Bb5 {[%emt 0:00:11]} Nd4 {[%emt 0:00:11]} 6. O-O {[%emt 0:00:09]} a6 {[%emt 0:00:22]} 7. Bd3 {[%emt 0:00:09]} d6 {[%emt 0:00:34]} 8. Nxd4 {[%emt 0:00:19]} cxd4 {[%emt 0:00:28]} 9. Ne2 {[%emt 0:00:11]} Nf6 {[%emt 0:00:40]} 10. Qe1 {[%emt 0:00:59]} O-O {[%emt 0:01:00]} 11. b3 {[%emt 0:01:16]} b5 {[%emt 0:01:46]} 12. Bb2 {[%emt 0:00:07]} Bb7 {[%emt 0:01:18]} 13. Ng3 {[%emt 0:00:23]} Nd7 {[%emt 0:03:30]} 14. f5 {[%emt 0:01:08]} Nc5 {[%emt 0:00:47]} 15. fxg6 {[%emt 0:00:22]} hxg6 {[%emt 0:00:39]} 16. Rf3 {[%emt 0:02:32]} Nxd3 {[%emt 0:04:24]} 17. Rxd3 {[%emt 0:00:16]} Rc8 {[%emt 0:00:20]} 18. Rc1 {[%emt 0:00:17]} Qa5 {[%emt 0:03:03]} 19. a3 {[%emt 0:00:44]} b4 {[%emt 0:07:24]} 20. a4 {[%emt 0:00:18]} Qg5 {[%emt 0:04:03]} 21. Bxd4 {[%emt 0:01:32]} Bxd4+ {[%emt 0:01:28]} 22. Rxd4 {[%emt 0:00:11]} Kg7 {[%emt 0:02:03]} 23. Qf2 {[%emt 0:01:37]} a5 {[%emt 0:01:18]} 24. Rc4 {[%emt 0:01:02]} Rxc4 {[%emt 0:04:57]} 25. bxc4 {[%emt 0:00:08]} Rc8 {[%emt 0:03:18]} 26. Rf1 {[%emt 0:00:11]} Qc5 {[%emt 0:03:43]} 27. Qxc5 {[%emt 0:02:30]} Rxc5 {[%emt 0:00:44]} 28. d3 {[%emt 0:00:06]} Bc6 {[%emt 0:00:19]} 29. Ra1 {[%emt 0:00:09]} e6 {[%emt 0:02:13]} 30. Nf1 {[%emt 0:02:07]} d5 {[%emt 0:02:06]} 31. exd5 {[%emt 0:06:23]} exd5 {[%emt 0:00:12]} 32. Nd2 {[%emt 0:02:16]} dxc4 {[%emt 0:03:30]} 33. dxc4 {[%emt 0:00:23]} Bd7 {[%emt 0:01:17]} 34. Nb3 {[%emt 0:00:32]} Rxc4 {[%emt 0:01:29]} 35. Nxa5 {[%emt 0:00:17]} Rxc2 {[%emt 0:00:16]} 36. Rb1 {[%emt 0:01:55]} Bxa4 {[%emt 0:00:40]} 1/2-1/2

[Event "Welsh Open Chess Championship"]
[Site "Mercure Cardiff North Hotel, Circle Way East, Llanedeyrn, Cardiff CF23 9XF"]
[Date "2024.03.30"]
[Round "3"]
[Board "5"]
[White "Beeston, Darson"]
[Black "Mckenna, Joshua"]
[Result "1/2-1/2"]
[WhiteElo "1801"]
[BlackElo "1699"]
[Annotator "Home"]
[PlyCount "60"]
[EventDate "2024.03.29"]
[EventType "swiss"]
[EventRounds "7"]
[EventCountry "WLS"]

{[%evp 0,60,37,30,60,74,57,21,61,59,29,4,7,25,5,3,18,27,99,57,45,16,21,14,32,-16,-13,-18,-16,-25,-64,-51,-49,-53,-77,-40,-33,-100,-26,-86,-3,-10,238,34,87,83,84,84,178,155,184,185,185,70,351,365,372,85,92,91,87,83,70]} 1. e4 {[%emt 0:00:04]} c6 {[%emt 0:00:05]} 2. d4 {[%emt 0:00:04]} d5 {[%emt 0:00:11]} 3. f3 {[%emt 0:00:05]} Qb6 {[%emt 0:00:49]} 4. Nc3 {[%emt 0:03:09]} dxe4 {[%emt 0:00:41]} 5. fxe4 {[%emt 0:00:19]} e5 {[%emt 0:00:41]} 6. Nf3 {[%emt 0:00:46]} exd4 {[%emt 0:01:34]} 7. Qxd4 {[%emt 0:04:58]} Qxd4 {[%emt 0:02:13]} 8. Nxd4 {[%emt 0:00:07]} Ne7 {[%emt 0:02:06]} 9. Bc4 {[%emt 0:03:06]} Nd7 {[%emt 0:04:33]} 10. Bf4 {[%emt 0:05:41]} Ng6 {[%emt 0:02:41]} 11. Bg3 {[%emt 0:03:00]} Bc5 {[%emt 0:01:27]} 12. Nf3 {[%emt 0:12:31]} O-O {[%emt 0:02:55]} 13. Rf1 {[%emt 0:15:19]} b5 {[%emt 0:05:51]} 14. Bb3 {[%emt 0:10:03]} a5 {[%emt 0:01:05]} 15. a4 {[%emt 0:08:37]} b4 {[%emt 0:02:46]} 16. Ne2 {[%emt 0:03:25]} Ba6 {[%emt 0:01:27]} 17. Rd1 {[%emt 0:05:43]} Nf6 {[%emt 0:02:58]} 18. e5 {[%emt 0:03:39]} Nh5 {[%emt 0:03:54]} 19. Bf2 {[%emt 0:01:51]} Bxf2+ {[%emt 0:00:25]} 20. Rxf2 {[%emt 0:00:08]} Rad8 {[%emt 0:12:46]} 21. e6 {[%emt 0:05:52]} fxe6 {[%emt 0:02:37]} 22. Rxd8 {[%emt 0:00:34]} Rxd8 {[%emt 0:00:32]} 23. Ng5 {[%emt 0:00:24]} Bc8 {[%emt 0:05:13]} 24. Nxe6 {[%emt 0:03:04]} Bxe6 {[%emt 0:00:42]} 25. Bxe6+ {[%emt 0:00:04]} Kh8 {[%emt 0:00:08]} 26. Rf7 {[%emt 0:02:10]} Nhf4 {[%emt 0:06:45]} 27. Nxf4 {[%emt 0:01:11]} Re8 {[%emt 0:00:07]} 28. Nxg6+ {[%emt 0:00:27]} hxg6 {[%emt 0:00:06]} 29. Ra7 {[%emt 0:00:48]} Rxe6+ {[%emt 0:00:10]} 30. Kf2 {[%emt 0:00:26]} Re5 {[%emt 0:00:28]} 1/2-1/2

[Event "Welsh Open Chess Championship"]
[Site "Mercure Cardiff North Hotel, Circle Way East, Llanedeyrn, Cardiff CF23 9XF"]
[Date "2024.03.30"]
[Round "3"]
[Board "7"]
[White "White, Sam"]
[Black "Di-Vetta, Andrew"]
[Result "0-1"]
[WhiteElo "1684"]
[BlackElo "1783"]
[Annotator "Home"]
[PlyCount "46"]
[EventDate "2024.03.29"]
[EventType "swiss"]
[EventRounds "7"]
[EventCountry "WLS"]

{[%evp 0,46,30,17,28,20,24,24,52,14,42,4,36,32,26,2,32,23,34,23,49,32,32,-41,19,-13,-25,-207,-237,-181,-190,-457,-438,-538,-316,-351,-355,-332,-345,-357,-348,-491,-503,-583,-594,-612,-637,-1260,-663]} 1. d4 {[%emt 0:00:02]} Nf6 {[%emt 0:00:03]} 2. Nf3 {[%emt 0:00:15]} e6 {[%emt 0:00:38]} 3. Bf4 {[%emt 0:01:17]} b6 {[%emt 0:00:45]} 4. Nc3 {[%emt 0:03:48]} Bb7 {[%emt 0:00:24]} 5. e3 {[%emt 0:03:20]} Be7 {[%emt 0:00:45]} 6. Bd3 {[%emt 0:02:17]} O-O {[%emt 0:01:35]} 7. O-O {[%emt 0:00:16]} d6 {[%emt 0:01:55]} 8. e4 {[%emt 0:00:46]} Nbd7 {[%emt 0:00:46]} 9. e5 {[%emt 0:07:00]} Nd5 {[%emt 0:00:56]} 10. Nxd5 {[%emt 0:01:03]} Bxd5 {[%emt 0:00:06]} 11. Nd2 {[%emt 0:00:52]} f5 {[%emt 0:01:00]} 12. c4 {[%emt 0:01:04]} Bb7 {[%emt 0:00:14]} 13. a3 {[%emt 0:03:18]} dxe5 {[%emt 0:00:36]} 14. dxe5 {[%emt 0:06:50]} g5 {[%emt 0:00:22]} 15. Bxg5 {[%emt 0:04:06]} Bxg5 {[%emt 0:00:09]} 16. f4 Be7 {[%emt 0:00:46]} 17. Nb3 {[%emt 0:03:36]} Nc5 {[%emt 0:00:23]} 18. Nxc5 {[%emt 0:03:06]} Bxc5+ {[%emt 0:00:05]} 19. Kh1 {[%emt 0:00:06]} Qh4 {[%emt 0:02:37]} 20. Qe2 {[%emt 0:04:19]} Kh8 {[%emt 0:00:33]} 21. b4 {[%emt 0:00:41]} Bd4 {[%emt 0:00:21]} 22. Ra2 {[%emt 0:09:07]} Rg8 {[%emt 0:00:45]} 23. Qd1 {[%emt 0:00:40]} Rad8 {[%emt 0:02:43]} 0-1

[Event "Welsh Open Chess Championship"]
[Site "Mercure Cardiff North Hotel, Circle Way East, Llanedeyrn, Cardiff CF23 9XF"]
[Date "2024.03.30"]
[Round "3"]
[Board "8"]
[White "Powell-Jones, Liam"]
[Black "Prabhu, Vismith"]
[Result "1/2-1/2"]
[WhiteElo "1756"]
[BlackElo "1590"]
[Annotator "Home"]
[PlyCount "46"]
[EventDate "2024.03.29"]
[EventType "swiss"]
[EventRounds "7"]
[EventCountry "WLS"]

{[%evp 0,46,30,30,51,56,46,29,29,47,40,33,83,101,88,58,63,72,55,60,50,42,92,37,32,41,29,2,-13,-9,-16,-4,-43,-68,-71,-105,97,145,229,70,234,143,132,132,133,73,75,76,85]} 1. e4 c5 {[%emt 0:00:06]} 2. Nf3 {[%emt 0:00:05]} e6 {[%emt 0:00:07]} 3. d4 {[%emt 0:00:11]} cxd4 {[%emt 0:00:06]} 4. Nxd4 {[%emt 0:00:04]} Nc6 {[%emt 0:00:09]} 5. Nc3 {[%emt 0:00:31]} Qc7 {[%emt 0:00:16]} 6. Be3 {[%emt 0:00:17]} a6 {[%emt 0:00:20]} 7. Qd2 {[%emt 0:00:33]} Nf6 {[%emt 0:00:18]} 8. f3 {[%emt 0:00:26]} Be7 {[%emt 0:01:38]} 9. O-O-O {[%emt 0:00:19]} b5 {[%emt 0:00:28]} 10. g4 {[%emt 0:01:47]} Bb7 {[%emt 0:01:33]} 11. Be2 {[%emt 0:05:28]} d6 {[%emt 0:10:00]} 12. g5 {[%emt 0:03:54]} Nd7 {[%emt 0:00:15]} 13. h4 {[%emt 0:02:33]} Nce5 {[%emt 0:03:29]} 14. Rhg1 {[%emt 0:09:08]} Rc8 {[%emt 0:01:20]} 15. f4 {[%emt 0:04:21]} Nc4 {[%emt 0:00:27]} 16. Bxc4 {[%emt 0:00:07]} Qxc4 {[%emt 0:00:20]} 17. a3 {[%emt 0:04:56]} d5 {[%emt 0:12:02]} 18. exd5 {[%emt 0:03:09]} Nf8 {[%emt 0:24:43]} 19. dxe6 {[%emt 0:02:27]} Bxa3 {[%emt 0:00:57]} 20. exf7+ {[%emt 0:01:50]} Kxf7 {[%emt 0:00:08]} 21. bxa3 {[%emt 0:08:04]} Qxc3 {[%emt 0:00:23]} 22. Qd3 {[%emt 0:01:06]} Qxd3 {[%emt 0:02:41]} 23. Rxd3 {[%emt 0:00:07]} Be4 {[%emt 0:01:05]} 1/2-1/2

[Event "Welsh Open Chess Championship"]
[Site "Mercure Cardiff North Hotel, Circle Way East, Llanedeyrn, Cardiff CF23 9XF"]
[Date "2024.03.30"]
[Round "3"]
[Board "9"]
[White "Murthy, Arush"]
[Black "Hurn, Robert AJ"]
[Result "1/2-1/2"]
[WhiteElo "1526"]
[BlackElo "1711"]
[Annotator "Home"]
[PlyCount "93"]
[EventDate "2024.03.29"]
[EventType "swiss"]
[EventRounds "7"]
[EventCountry "WLS"]

{[%evp 0,93,42,20,20,-11,-11,-10,33,27,22,34,27,20,48,46,46,53,48,37,41,39,33,14,14,0,4,-25,-26,-33,-28,-61,-71,-99,-105,-93,-75,-77,0,-263,-265,-240,33,16,17,24,74,52,105,101,109,109,110,110,112,60,110,98,93,41,34,15,0,-15,-21,-28,0,-5,24,0,13,-7,36,0,11,-12,29,13,75,-37,0,-14,36,9,0,-18,60,-73,0,-18,32,-21,-34,-34,-19,0]} 1. d4 {[%emt 0:00:11]} Nf6 {[%emt 0:00:07]} 2. c4 {[%emt 0:00:06]} e6 {[%emt 0:00:04]} 3. Nc3 {[%emt 0:00:05]} Bb4 {[%emt 0:00:05]} 4. Nf3 {[%emt 0:00:15]} c5 {[%emt 0:00:13]} 5. e3 {[%emt 0:00:11]} Nc6 {[%emt 0:00:23]} 6. Bd3 {[%emt 0:00:54]} Bxc3+ {[%emt 0:00:08]} 7. bxc3 {[%emt 0:00:07]} d6 {[%emt 0:00:08]} 8. O-O {[%emt 0:00:21]} e5 {[%emt 0:00:26]} 9. d5 {[%emt 0:05:00]} Ne7 {[%emt 0:00:29]} 10. Qc2 {[%emt 0:01:39]} O-O {[%emt 0:03:42]} 11. e4 {[%emt 0:00:56]} Ng6 {[%emt 0:01:10]} 12. h3 {[%emt 0:03:01]} h6 {[%emt 0:00:41]} 13. Qb1 {[%emt 0:04:45]} b6 {[%emt 0:00:59]} 14. Bc2 {[%emt 0:00:57]} Bd7 {[%emt 0:01:18]} 15. Ne1 {[%emt 0:00:30]} Nh5 {[%emt 0:01:14]} 16. Nd3 {[%emt 0:03:01]} Qh4 {[%emt 0:03:41]} 17. Be3 {[%emt 0:05:11]} f5 {[%emt 0:07:22]} 18. exf5 {[%emt 0:07:35]} Bxf5 {[%emt 0:00:32]} 19. Nxe5 {[%emt 0:03:47]} Bxc2 {[%emt 0:02:41]} 20. Nxg6 {[%emt 0:01:07]} Bxg6 {[%emt 0:00:44]} 21. Qxg6 {[%emt 0:00:41]} Rf6 {[%emt 0:01:23]} 22. Qd3 {[%emt 0:02:30]} Nf4 {[%emt 0:03:33]} 23. Bxf4 {[%emt 0:05:23]} Qxf4 {[%emt 0:00:25]} 24. Rae1 {[%emt 0:01:05]} Rf7 {[%emt 0:01:41]} 25. Re3 {[%emt 0:01:03]} Raf8 {[%emt 0:00:42]} 26. Qe2 {[%emt 0:03:21]} Qf6 {[%emt 0:01:15]} 27. Rf3 {[%emt 0:01:38]} Qg6 {[%emt 0:01:44]} 28. Rxf7 {[%emt 0:01:28]} Qxf7 {[%emt 0:00:20]} 29. Rd1 {[%emt 0:00:27]} Re8 {[%emt 0:02:11]} 30. Qd2 {[%emt 0:01:49]} Qe7 {[%emt 0:02:34]} 31. Kf1 {[%emt 0:01:21]} Qe4 {[%emt 0:01:16]} 32. Qd3 {[%emt 0:01:26]} Qe5 {[%emt 0:04:48]} 33. Kg1 {[%emt 0:02:20]} Qf6 {[%emt 0:02:34]} 34. Qd2 {[%emt 0:02:32]} Qe5 {[%emt 0:00:57]} 35. Qd3 {[%emt 0:11:46]} Qf6 {[%emt 0:01:50]} 36. Kf1 {[%emt 0:02:48]} Qe5 {[%emt 0:00:47]} 37. Kg1 {[%emt 0:03:53]} Qf6 {[%emt 0:00:40]} 38. Qg3 {[%emt 0:03:39]} Qe7 {[%emt 0:06:02]} 39. Qf3 {[%emt 0:01:59]} Qe5 {[%emt 0:00:56]} 40. Qd3 {[%emt 0:02:59]} Qf6 {[%emt 0:00:52]} 41. Rf1 {[%emt 0:00:42]} Qf4 {[%emt 0:04:12]} 42. a3 {[%emt 0:04:09]} Qe5 {[%emt 0:01:09]} 43. Kh1 {[%emt 0:02:51]} Qf4 {[%emt 0:05:55]} 44. Kg1 {[%emt 0:05:40]} Qe5 {[%emt 0:02:17]} 45. Qd2 {[%emt 0:05:12]} Qe4 {[%emt 0:00:54]} 46. Qa2 {[%emt 0:00:42]} Qd3 {[%emt 0:03:54]} 47. Qb3 {[%emt 0:00:30]} 1/2-1/2

[Event "Welsh Open Chess Championship"]
[Site "Mercure Cardiff North Hotel, Circle Way East, Llanedeyrn, Cardiff CF23 9XF"]
[Date "2024.03.30"]
[Round "3"]
[Board "10"]
[White "Enoch, Stuart"]
[Black "Funmilayo, Feyikemi Anthony"]
[Result "0-1"]
[WhiteElo "1629"]
[BlackElo "1950"]
[Annotator "Home"]
[PlyCount "104"]
[EventDate "2024.03.29"]
[EventType "swiss"]
[EventRounds "7"]
[EventCountry "WLS"]

{[%evp 0,104,42,-16,-12,-26,-29,-26,-36,-9,2,-38,-20,-47,-52,-31,-43,-27,-1,-16,-14,-6,-21,-14,-11,-19,-25,-13,-13,-25,333,317,373,384,584,601,588,614,607,614,634,654,659,597,660,593,597,606,632,519,577,-99,-135,-117,-94,-101,-105,-100,-10,-1,70,62,86,88,86,52,62,62,67,31,17,17,53,17,14,5,25,33,23,-20,0,-114,-117,-397,-403,-411,-409,-417,-427,-449,-457,-457,-481,-491,-494,-488,-493,-672,-682,-703,-717,-737,-780,-755,-1280,-1319,-1023]} 1. b3 {[%emt 0:00:11]} e5 {[%emt 0:00:27]} 2. Bb2 {[%emt 0:00:06]} Nc6 {[%emt 0:00:22]} 3. e3 {[%emt 0:00:27]} Nf6 {[%emt 0:00:27]} 4. Bb5 {[%emt 0:02:36]} d6 {[%emt 0:00:49]} 5. Be2 {[%emt 0:00:57]} Be7 {[%emt 0:00:13]} 6. c4 {[%emt 0:02:25]} Bf5 {[%emt 0:00:17]} 7. d3 {[%emt 0:02:09]} O-O {[%emt 0:00:16]} 8. Nf3 {[%emt 0:00:22]} Qd7 {[%emt 0:00:47]} 9. Nbd2 {[%emt 0:04:45]} h6 {[%emt 0:00:15]} 10. O-O {[%emt 0:00:59]} Rad8 {[%emt 0:00:18]} 11. Re1 {[%emt 0:00:45]} Rfe8 {[%emt 0:00:28]} 12. Nf1 {[%emt 0:00:27]} e4 {[%emt 0:01:00]} 13. dxe4 {[%emt 0:01:09]} Nxe4 {[%emt 0:00:54]} 14. Nd4 {[%emt 0:04:11]} Bh7 {[%emt 0:01:07]} 15. Bg4 {[%emt 0:07:34]} f5 {[%emt 0:00:55]} 16. Nxf5 {[%emt 0:09:16]} Nf6 {[%emt 0:04:10]} 17. Nxh6+ {[%emt 0:01:24]} gxh6 {[%emt 0:00:31]} 18. Bxd7 {[%emt 0:00:15]} Rxd7 {[%emt 0:00:17]} 19. Ng3 Ne5 {[%emt 0:02:18]} 20. e4 {[%emt 0:05:12]} Bd8 {[%emt 0:01:43]} 21. f3 {[%emt 0:06:47]} Bg6 {[%emt 0:01:43]} 22. Qd2 {[%emt 0:01:17]} Kh7 {[%emt 0:01:22]} 23. Rad1 {[%emt 0:01:22]} Rg7 {[%emt 0:02:10]} 24. Nf5 {[%emt 0:01:43]} Bxf5 {[%emt 0:00:20]} 25. exf5 {[%emt 0:00:11]} Nxf3+ {[%emt 0:00:23]} 26. Kf2 {[%emt 0:00:57]} Nxd2 {[%emt 0:02:07]} 27. Rxe8 {[%emt 0:00:23]} Nxe8 {[%emt 0:01:34]} 28. Bxg7 {[%emt 0:00:36]} Ne4+ {[%emt 0:02:30]} 29. Ke3 {[%emt 0:01:16]} Nc5 {[%emt 0:03:08]} 30. Bd4 {[%emt 0:02:11]} Bg5+ {[%emt 0:00:22]} 31. Kf3 {[%emt 0:00:53]} Nd7 {[%emt 0:00:39]} 32. g4 {[%emt 0:01:29]} Kg8 {[%emt 0:01:58]} 33. h3 {[%emt 0:04:45]} Kf7 {[%emt 0:01:44]} 34. Re1 {[%emt 0:01:04]} a6 {[%emt 0:00:42]} 35. Re6 {[%emt 0:07:05]} Nc5 {[%emt 0:02:13]} 36. Re2 {[%emt 0:03:25]} Nd3 {[%emt 0:00:42]} 37. Rh2 {[%emt 0:03:41]} Bf6 {[%emt 0:01:56]} 38. Be3 {[%emt 0:01:45]} Ne5+ {[%emt 0:00:48]} 39. Ke4 {[%emt 0:02:06]} Bg7 {[%emt 0:00:59]} 40. Bc1 {[%emt 0:04:22]} Nf6+ {[%emt 0:00:03]} 41. Ke3 {[%emt 0:01:16]} Nfxg4+ {[%emt 0:00:28]} 42. hxg4 {[%emt 0:01:29]} Nxg4+ {[%emt 0:00:02]} 43. Kf3 {[%emt 0:00:18]} Nxh2+ {[%emt 0:00:02]} 44. Kg3 {[%emt 0:00:42]} Be5+ {[%emt 0:00:55]} 45. Kh3 {[%emt 0:00:40]} h5 {[%emt 0:00:34]} 46. Kh4 {[%emt 0:00:54]} Kf6 {[%emt 0:00:26]} 47. Kxh5 {[%emt 0:00:31]} Kxf5 {[%emt 0:01:28]} 48. Kh6 {[%emt 0:00:17]} c6 {[%emt 0:00:38]} 49. Kh7 {[%emt 0:00:10]} d5 {[%emt 0:00:20]} 50. cxd5 {[%emt 0:00:12]} cxd5 {[%emt 0:00:12]} 51. Kg8 {[%emt 0:00:02]} d4 {[%emt 0:00:46]} 52. Kf7 {[%emt 0:00:08]} Bf4 {[%emt 0:00:25]} 0-1

[Event "Welsh Open Chess Championship"]
[Site "Mercure Cardiff North Hotel, Circle Way East, Llanedeyrn, Cardiff CF23 9XF"]
[Date "2024.03.30"]
[Round "3"]
[Board "11"]
[White "Smith, Chris P"]
[Black "Thomas, Roy"]
[Result "0-1"]
[WhiteElo "1669"]
[BlackElo "1804"]
[Annotator "Home"]
[PlyCount "46"]
[EventDate "2024.03.29"]
[EventType "swiss"]
[EventRounds "7"]
[EventCountry "WLS"]

{[%evp 0,46,42,20,46,-10,45,49,35,26,26,26,25,23,29,17,9,-16,3,6,9,9,6,3,10,3,11,21,63,15,16,2,15,-26,-32,-190,-190,-226,-246,-293,-171,-177,-188,-431,-413,-482,-389,-592,-590]} 1. d4 {[%emt 0:00:01]} e6 {[%emt 0:10:13]} 2. c4 {[%emt 0:00:39]} f5 {[%emt 0:00:06]} 3. Nc3 {[%emt 0:00:57]} Nf6 {[%emt 0:00:15]} 4. Bg5 {[%emt 0:00:33]} Be7 {[%emt 0:00:06]} 5. Nf3 {[%emt 0:00:54]} O-O {[%emt 0:00:09]} 6. g3 {[%emt 0:00:51]} Ne4 {[%emt 0:00:11]} 7. Bxe7 {[%emt 0:02:05]} Qxe7 {[%emt 0:02:04]} 8. Qb3 {[%emt 0:07:14]} Nc6 {[%emt 0:09:41]} 9. Bg2 {[%emt 0:02:46]} b6 {[%emt 0:03:59]} 10. O-O {[%emt 0:02:40]} Na5 {[%emt 0:01:06]} 11. Qa4 {[%emt 0:04:05]} Bb7 {[%emt 0:12:33]} 12. Rac1 {[%emt 0:10:01]} g5 {[%emt 0:05:39]} 13. Nxe4 {[%emt 0:01:50]} fxe4 {[%emt 0:00:09]} 14. Nd2 {[%emt 0:00:36]} d5 {[%emt 0:00:38]} 15. cxd5 {[%emt 0:01:26]} exd5 {[%emt 0:00:32]} 16. e3 {[%emt 0:04:24]} Ba6 {[%emt 0:00:29]} 17. Nb3 {[%emt 0:14:10]} Bxf1 {[%emt 0:06:37]} 18. Rxf1 {[%emt 0:02:01]} Nc4 {[%emt 0:00:32]} 19. Qb5 {[%emt 0:02:13]} Qd6 {[%emt 0:04:00]} 20. Bxe4 {[%emt 0:02:39]} c6 {[%emt 0:04:12]} 21. Bxd5+ {[%emt 0:04:03]} Qxd5 {[%emt 0:00:22]} 22. Qb4 {[%emt 0:05:08]} a5 {[%emt 0:04:24]} 23. Qe7 {[%emt 0:02:01]} Rf7 {[%emt 0:00:51]} 0-1